000 00568nam a2200169 a 4500
008 120416s0000 ||||||||||||||||| || u
020 _a0387151168
050 _aTA 174 Fin
100 _aBrebbia, C. A
245 1 0 _aFinite element systems
_cedited by C. A. Brebbia
246 _aa handbook
250 _a3rd. rev.
260 _aBerlin
_bSpringer-Verlag
_c1985
300 _a(21), 767p. : ill
350 _a0.00
995 _D0.00
_FCBU-MAIN LIBRARY (Kitwe)
_H1
_I12.00
_UAVAILABLE
_ZAnnex Low-Usage Collection
999 _c43504
_d43504